LIBRARY & INFORMATION CENTRE, KCAET, TAVANUR

ONLINE PUBLIC ACCESS CATALOGUE (OPAC)

Text book of sound / (Record no. 7251)

MARC details
000 -LEADER
fixed length control field 00558cam a2200241ua 4500
041 ## - LANGUAGE CODE
Language code of text/sound track or separate title eng
082 ## - DEWEY DECIMAL CLASSIFICATION NUMBER
Classification number 534
Item number SAI/TE
100 ## - MAIN ENTRY--AUTHOR NAME
Personal name Saighal, R L .
245 ## - TITLE STATEMENT
Title Text book of sound /
250 ## - EDITION STATEMENT
Edition statement 4 /
260 ## - PUBLICATION, DISTRIBUTION, ETC. (IMPRINT)
Place of publication New Delhi :
Name of publisher S.Chand and Co ,
Year of publication 1967.
300 ## - PHYSICAL DESCRIPTION
Number of Pages 279 ; .
700 1# - ADDED ENTRY--PERSONAL NAME
Personal name Sarna, H R .
942 ## - ADDED ENTRY ELEMENTS (KOHA)
Koha item type Books
Holdings
Withdrawn status Lost status Damaged status Home library Current library Date acquired Full call number Accession Number Koha item type
      KAUAET KAUAET 07/04/2012 534 SAI/TE 11409 Books
      KAUAET KAUAET 07/04/2012 534 SAI/TE 11408 Books
      KAUAET KAUAET 07/04/2012 534 SAI/TE 11410 Books
      KAUAET KAUAET 07/04/2012 534 SAI/TE 11411 Books
      KAUAET KAUAET 07/04/2012 534 SAI/TE 11412 Books
free website counter